200 premiers mots de Harry Potter et le prince de sang-mêlé - Statistiques

Statistiques générales
  • Ce quiz a été pris 2 202 fois
  • Le résultat moyen est 97 sur 200
Statistiques - réponses
Mots % Correct
l'
96%
L'
96%
à
95%
d'
95%
s'
95%
le
93%
Le
93%
de
89%
la
89%
Il
88%
il
88%
et
87%
se
82%
les
80%
un
79%
était
78%
ce
74%
sa
73%
du
72%
qu'
70%
en
67%
son
67%
que
66%
ses
66%
avait
65%
pour
62%
qui
62%
mais
61%
au
60%
dans
60%
ne
60%
on
55%
eux
52%
eux.
52%
sur
52%
plus
51%
ces
50%
si
49%
Ministre,
44%
Ministre
44%
près
44%
Premier
43%
soit)
42%
lui
41%
étaient
39%
minuit
39%
bureau,
38%
quoi
38%
quel
36%
sans
35%
soir
35%
autre
33%
tous
33%
pouvait
32%
assis
31%
(comme
31%
seul
29%
même,
28%
moment
28%
coup
26%
tête
26%
journal
25%
long
25%
passé
25%
voir
25%
attendait
24%
beau
24%
chose.
24%
dont
24%
enfin
24%
yeux
24%
allait
23%
demandant
23%
empêcher
21%
lisait
20%
lisait,
20%
pays
20%
téléphone
20%
non
19%
semaine,
19%
semaine
19%
cela
18%
président
18%
Comment...
17%
cours
17%
essayer
17%
lointain
17%
venait
17%
devant
16%
événements
16%
mots
16%
passer,
16%
rapport
16%
appeler ;
15%
seule
15%
télévisé
15%
longue
14%
responsable
14%
sens.
14%
adversaires
13%
concentrer
13%
page
13%
particulier
13%
pensée
13%
personnage
13%
difficile,
12%
esprit
12%
gouvernement
12%
moindre
12%
parvienne
12%
place
12%
politiques.
12%
produits
12%
rappeler
12%
chacun
11%
saisir
11%
ajoutait
10%
expliquer
10%
nécessaire
10%
restait
10%
satané
10%
visages
10%
épuisante
9%
réjouis
9%
seulement
9%
songer
9%
traversaient
9%
accusations,
8%
entièrement
8%
tragiques
8%
accéléra
7%
cardiaque
7%
également
7%
guère
7%
injustes
7%
rythme
7%
énumérer
6%
fausses.
6%
surgir
6%
Aucun quiz correspondant
Distribution des résultats
% des personnes avec chaque résultat
Percentile par nombre de réponses
Votre historique - résultats
Vous n’avez pas pris ce quiz